[Event "XII Open Primavera"]
[Site "Robecchetto con Induno ITA"]
[Date "2015.04.09"]
[Round "2"]
[White "Zanin, Fabio"]
[Black "Vada, Riccardo"]
[WhiteElo "1656"]
[BlackElo "1797"]
[Result "1-0"]
[PlyCount "51"]
[EventDate "2015.04.02"]

1. e4 e6 2. d4 d5 3. Nc3 Bb4 4. e5 c5 5. a3 Bxc3+ 6. bxc3 Nc6 7. Nf3 Nge7 8.
Be2 O-O 9. O-O Bd7 10. Rb1 b6 11. Be3 cxd4 12. cxd4 Na5 13. c3 Rc8 14. Qc2 h6
15. Rfe1 Qc7 16. Bd2 Nc4 17. Bxc4 dxc4 18. Qc1 Kh7 19. Re4 Bc6 20. Rh4 Nf5 21.
Rh3 Qb7 22. Nh4 Nxh4 23. Rxh4 Rh8 24. Bxh6 Be4 25. Bxg7+ Kg8 26. Rxh8+ 1-0

[Event "XII Open Primavera"]
[Site "Robecchetto con Induno ITA"]
[Date "2015.04.16"]
[Round "3"]
[White "Colusso, Ermes"]
[Black "Santarelli, Sabatino"]
[WhiteElo "1752"]
[BlackElo "1614"]
[Result "1-0"]
[PlyCount "65"]
[EventDate "2015.04.02"]

1. e4 c5 2. Nf3 g6 3. d4 Bg7 4. Nc3 cxd4 5. Nxd4 Nc6 6. Be3 a6 7. Bc4 e6 8.
Nxc6 bxc6 9. Bd4 e5 10. Bc5 Ne7 11. Qf3 O-O 12. O-O Rb8 13. Bb3 a5 14. Rfd1 Rb7
15. h4 Qe8 16. Rd3 Kh8 17. Na4 f5 18. Nb6 fxe4 19. Qxe4 Rf4 20. Qe3 Nf5 21. Qd2
Rxb6 22. Bxb6 Rxh4 23. g3 Rg4 24. Rd1 d5 25. Qe2 Ne7 26. Bxa5 e4 27. Re3 Qf7
28. Rxe4 Rxe4 29. Qxe4 Bf5 30. Qf4 h6 31. Bb4 g5 32. Qe3 Be4 33. Qxe4 1-0

[Event "XII Open Primavera"]
[Site "Robecchetto con Induno ITA"]
[Date "2015.04.15"]
[Round "3"]
[White "Fadali, Mustafa"]
[Black "Barrera, Pietro"]
[WhiteElo "1866"]
[BlackElo "1830"]
[Result "1/2-1/2"]
[PlyCount "38"]
[EventDate "2015.04.02"]

1. e4 c5 2. Nf3 Nc6 3. d4 cxd4 4. Nxd4 g6 5. Nc3 Bg7 6. Be3 Nf6 7. Nxc6 bxc6 8.
e5 Nd5 9. Nxd5 cxd5 10. Qxd5 Rb8 11. Bc4 O-O 12. O-O Qc7 13. Bf4 Bb7 14. Qd4 d6
15. Rfe1 Rfd8 16. Qc3 Rbc8 17. Bb3 Qxc3 18. bxc3 dxe5 19. Bxe5 e6 1/2-1/2

[Event "XII Open Primavera"]
[Site "Robecchetto con Induno ITA"]
[Date "2015.04.16"]
[Round "3"]
[White "Fortes Serra, Jordi"]
[Black "Cecchini, Massimo S."]
[WhiteElo "1478"]
[BlackElo "1757"]
[Result "0-1"]
[PlyCount "62"]
[EventDate "2015.04.02"]

1. Nf3 Nf6 2. d4 d5 3. c4 c6 4. Nc3 Bf5 5. Bg5 dxc4 6. Bxf6 exf6 7. e4 Bg4 8.
Bxc4 Bb4 9. Qb3 Bxc3+ 10. bxc3 Qc7 11. Be2 Nd7 12. O-O O-O 13. h3 Be6 14. c4
Nb6 15. Rac1 Qf4 16. Qc2 Rfe8 17. Bd3 g6 18. d5 cxd5 19. exd5 Bxh3 20. gxh3
Qxf3 21. Kh2 Rac8 22. Qd1 Qf4+ 23. Kh1 Nxc4 24. f3 Ne3 25. Qd2 Nxd5 26. Qa5
Rxc1 27. Qxd5 Rxf1+ 28. Bxf1 b6 29. Qd7 Qxf3+ 30. Bg2 Re1+ 31. Kh2 Qf4# 0-1

[Event "XII Open Primavera"]
[Site "Robecchetto con Induno ITA"]
[Date "2015.04.16"]
[Round "3"]
[White "Gbessou, Remi Stephan"]
[Black "Garcia Rubi, Juan"]
[WhiteElo "1218"]
[BlackElo "1422"]
[Result "0-1"]
[PlyCount "40"]
[EventDate "2015.04.02"]

1. e4 c5 2. Nf3 Nc6 3. Bc4 e6 4. c3 g6 5. d4 cxd4 6. cxd4 Bg7 7. d5 Ne5 8. Bg5
Nxf3+ 9. Qxf3 Qxg5 10. O-O Bxb2 11. Nc3 Bxa1 12. Nb5 Be5 13. d6 Kd8 14. Qxf7
Nh6 15. Qf3 Qf4 16. Qh3 Nf7 17. g4 Nxd6 18. Qh4+ g5 19. Qh3 Nxc4 20. f3 a6 0-1

[Event "XII Open Primavera"]
[Site "Robecchetto con Induno ITA"]
[Date "2015.04.16"]
[Round "3"]
[White "Koureas, Panicos"]
[Black "Ongaro, Andrea"]
[WhiteElo "1470"]
[BlackElo "1708"]
[Result "0-1"]
[PlyCount "70"]
[EventDate "2015.04.02"]

1. e4 c5 2. Nc3 a6 3. g3 Nc6 4. Bg2 Nf6 5. Nge2 d6 6. O-O g6 7. d4 cxd4 8. Nxd4
Bd7 9. Nxc6 Bxc6 10. Re1 Bg7 11. Rb1 O-O 12. Qd3 Qc7 13. Bf4 Rfd8 14. h3 Rac8
15. g4 Nd7 16. Qe3 Ne5 17. b3 b5 18. Rbc1 Qa5 19. a4 bxa4 20. Bxe5 Bxe5 21. Ne2
a3 22. Nd4 a2 23. Ra1 Bd7 24. f4 Bxd4 25. Qxd4 Rxc2 26. b4 Qa3 27. Kh2 Rdc8 28.
Re3 Qb2 29. Qxb2 Rxb2 30. Kg3 Rcc2 31. Bf3 Rb1 32. Re1 Rxe1 33. Rxe1 Rb2 34.
Ra1 Be6 35. e5 Rb1 0-1

[Event "XII Open Primavera"]
[Site "Robecchetto con Induno ITA"]
[Date "2015.04.16"]
[Round "3"]
[White "Libutti, Michele"]
[Black "Novi', Giuseppe"]
[WhiteElo "1747"]
[BlackElo "1872"]
[Result "1-0"]
[PlyCount "59"]
[EventDate "2015.04.02"]

1. d4 Nf6 2. c4 c5 3. d5 b5 4. cxb5 a6 5. b6 Qxb6 6. Nc3 g6 7. e4 d6 8. Nf3 Bg7
9. Be2 O-O 10. O-O Nbd7 11. h3 Ne8 12. Nd2 Nc7 13. Nc4 Qb8 14. a4 a5 15. f4 Ba6
16. Na3 Bxe2 17. Qxe2 Nf6 18. Nc4 Nh5 19. Kh2 Qd8 20. e5 Bh8 21. g4 Ng7 22.
exd6 exd6 23. Ne4 Re8 24. Qf3 Ra6 25. Bd2 Nxd5 26. Rad1 Nb4 27. Bxb4 axb4 28.
Ncxd6 Re6 29. Nxf7 Qf8 30. Nh6# 1-0

[Event "XII Open Primavera"]
[Site "Robecchetto con Induno ITA"]
[Date "2015.04.16"]
[Round "3"]
[White "Moroni, Luca"]
[Black "Macchiettini, Pierangelo"]
[WhiteElo "1824"]
[BlackElo "1674"]
[Result "1/2-1/2"]
[PlyCount "61"]
[EventDate "2015.04.02"]

1. d4 d5 2. Nf3 Nf6 3. Bf4 e6 4. Nc3 a6 5. e3 Bb4 6. Bd3 Bd6 7. O-O Nbd7 8. Re1
O-O 9. Ne5 Ne8 10. Qd2 f5 11. Nxd7 Bxd7 12. Ne2 Nf6 13. Bxd6 cxd6 14. c4 dxc4
15. Bxc4 Rc8 16. Bd3 e5 17. dxe5 dxe5 18. Qb4 b5 19. Rad1 Qb6 20. Bb1 Rc6 21.
a3 Be6 22. h3 a5 23. Qh4 Rd6 24. Qg3 Rfd8 25. Rxd6 Qxd6 26. Nc3 Qb8 27. Qg5 b4
28. axb4 axb4 29. Ne2 Qd6 30. Ng3 Qd2 31. Rf1 1/2-1/2

[Event "XII Open Primavera"]
[Site "Robecchetto con Induno ITA"]
[Date "2015.04.16"]
[Round "3"]
[White "Pappalardo, Antonio"]
[Black "Aspesi, Davide"]
[WhiteElo "1659"]
[BlackElo "1817"]
[Result "1-0"]
[PlyCount "81"]
[EventDate "2015.04.02"]

1. d4 d5 2. c4 e6 3. cxd5 exd5 4. Nc3 Nf6 5. Bg5 Be7 6. Nf3 O-O 7. e3 h6 8. Bf4
Nc6 9. Bd3 Bg4 10. O-O a6 11. h3 Bh5 12. Rc1 Bg6 13. Ne5 Nxe5 14. dxe5 Ne4 15.
Qc2 Nxc3 16. Bxg6 fxg6 17. Qxc3 c6 18. Rcd1 Rc8 19. Qb3 b5 20. e4 Rxf4 21. exd5
Kh7 22. d6 Bf8 23. d7 Rc7 24. Qe6 Bc5 25. Qe8 Rf8 26. Qxd8 Rxd8 27. e6 Be7 28.
Rfe1 g5 29. Re3 a5 30. Rf3 Kg6 31. a3 b4 32. a4 c5 33. Rf7 Bf6 34. Rd6 c4 35.
Rf8 Be7 36. Rxd8 Bxd6 37. Rc8 c3 38. bxc3 Rxd7 39. exd7 Be7 40. cxb4 axb4 41.
d8=Q 1-0

[Event "XII Open Primavera"]
[Site "Robecchetto con Induno ITA"]
[Date "2015.04.16"]
[Round "3"]
[White "Puricelli, Roberto"]
[Black "Frignani, Alessandro"]
[WhiteElo "1521"]
[BlackElo "1394"]
[Result "0-1"]
[PlyCount "118"]
[EventDate "2015.04.02"]

1. e4 e5 2. Nf3 Qf6 3. b3 Bc5 4. Bb2 d6 5. Nc3 c6 6. Be2 Bb6 7. d3 Be6 8. Qd2
Nd7 9. O-O Bd8 10. d4 exd4 11. Nxd4 Qg6 12. Nxe6 Qxe6 13. Rad1 Bc7 14. Rfe1
O-O-O 15. Qd4 Ngf6 16. Qxa7 Bb8 17. Qe3 h6 18. a4 Nc5 19. Bf3 g5 20. Ne2 Rhg8
21. Bxf6 Qxf6 22. Bg4+ Kc7 23. Nd4 Rge8 24. f3 d5 25. Nf5 Na6 26. e5 Qg6 27. a5
c5 28. Qd3 h5 29. Bh3 g4 30. fxg4 hxg4 31. e6 fxe6 32. Bxg4 Qxg4 33. Ng3 Qd4+
34. Qxd4 cxd4 35. Kh1 Ba7 36. Nh5 Nb4 37. Ng7 Re7 38. Nf5 Rf7 39. Nxd4 Bxd4 40.
Rxd4 Nxc2 41. Rc1 Rf1+ 42. Rxf1 Nxd4 43. b4 Kd6 44. h4 e5 45. g4 e4 46. Kh2
Nf3+ 47. Kg3 Rh8 48. h5 Ke5 49. Rc1 Rh7 50. b5 Nd2 51. Rc8 Nc4 52. a6 bxa6 53.
bxa6 Ra7 54. Rc6 Nd6 55. g5 Nf5+ 56. Kh3 d4 57. h6 d3 58. Rc5+ Kf4 59. Rd5 Kxg5
0-1

[Event "XII Open Primavera"]
[Site "Robecchetto con Induno ITA"]
[Date "2015.04.16"]
[Round "3"]
[White "Ragoso, Mario"]
[Black "Giusti, Francesco"]
[WhiteElo "1628"]
[BlackElo "1574"]
[Result "1-0"]
[PlyCount "53"]
[EventDate "2015.04.02"]

1. e4 e5 2. Nf3 Nc6 3. Bb5 d6 4. O-O Bg4 5. c3 Nf6 6. Re1 a6 7. Ba4 b5 8. Bc2
Be7 9. d4 exd4 10. cxd4 Bxf3 11. gxf3 Qd7 12. Kh1 Nh5 13. a4 b4 14. a5 Na7 15.
Be3 O-O 16. Rg1 Kh8 17. Nd2 Nc6 18. Ba4 d5 19. Rc1 Bd6 20. Bxc6 Qh3 21. e5 Be7
22. Bxa8 Rxa8 23. Rxc7 Qe6 24. f4 g6 25. Qg4 f5 26. exf6 Qxf6 27. Qd7 1-0

[Event "XII Open Primavera"]
[Site "Robecchetto con Induno ITA"]
[Date "2015.04.13"]
[Round "3"]
[White "Rancati, David"]
[Black "Rossi, Emanuele"]
[WhiteElo "1577"]
[BlackElo "1630"]
[Result "1-0"]
[PlyCount "83"]
[EventDate "2015.04.02"]

1. d4 c5 2. Nf3 cxd4 3. Nxd4 e5 4. Nb3 Nf6 5. Bg5 Bc5 6. Nxc5 Qa5+ 7. Nc3 Qxc5
8. Bxf6 gxf6 9. Qd5 d6 10. O-O-O Qxf2 11. Qxd6 Qb6 12. e4 Qxd6 13. Rxd6 Ke7 14.
Rd2 Be6 15. g3 Nc6 16. Nd5+ Bxd5 17. exd5 Nd4 18. Bg2 Kd6 19. Rf1 f5 20. c3
Rac8 21. Kb1 Nb5 22. Rxf5 Rhf8 23. Rh5 f5 24. Rh6+ Kd7 25. Rxh7+ Kd8 26. Rxb7
Nd6 27. Rxa7 e4 28. Kc2 Nc4 29. Re2 Rb8 30. b3 Nd6 31. c4 Rc8 32. Kd2 Nf7 33.
g4 f4 34. Rxe4 Ng5 35. Ree7 Rc5 36. Kc3 f3 37. Bf1 f2 38. Kb4 Rxd5 39. cxd5
Rf4+ 40. Kc5 Rxg4 41. Rad7+ Kc8 42. Ba6+ 1-0

[Event "XII Open Primavera"]
[Site "Robecchetto con Induno ITA"]
[Date "2015.04.16"]
[Round "3"]
[White "Rutigliano, Cesare"]
[Black "Mereghetti, Marco"]
[WhiteElo "1639"]
[BlackElo "1762"]
[Result "1-0"]
[PlyCount "47"]
[EventDate "2015.04.02"]

1. e4 e6 2. d4 d5 3. Nd2 Nf6 4. e5 Nfd7 5. Bd3 c5 6. c3 Nc6 7. Qg4 cxd4 8. cxd4
Nb4 9. Bb1 Qc7 10. Ne2 Nc2+ 11. Bxc2 Qxc2 12. O-O Qg6 13. Qh3 f5 14. Nf4 Qf7
15. Re1 g5 16. Nxd5 Kd8 17. Nc3 Nb6 18. Nb3 Be7 19. Nb5 Bd7 20. a4 a6 21. Nd6
Bxd6 22. exd6 Rg8 23. Nc5 Kc8 24. Qb3 1-0

[Event "XII Open Primavera"]
[Site "Robecchetto con Induno ITA"]
[Date "2015.04.16"]
[Round "3"]
[White "Sartorio, Alessandro"]
[Black "Nava, Mario"]
[WhiteElo "1361"]
[BlackElo "1296"]
[Result "0-1"]
[PlyCount "124"]
[EventDate "2015.04.02"]

1. e4 c5 2. c4 Nc6 3. Nc3 Nf6 4. Nf3 e6 5. Be2 Be7 6. O-O O-O 7. e5 Ng4 8. d4
cxd4 9. Nxd4 Ngxe5 10. Bf4 Ng6 11. Nxc6 bxc6 12. Qd4 d6 13. Ne4 Nxf4 14. Bg4 e5
15. Qd1 Bxg4 16. Qxg4 f5 17. Nf6+ Rxf6 18. Qf3 Rg6 19. g3 Rc8 20. Kh1 Ne6 21.
Rad1 Qf8 22. Qb3 Nc5 23. Qa3 a5 24. Qxa5 Ra8 25. Qb6 Rxa2 26. b4 Rb2 27. Qxc6
Rxb4 28. Qd5+ Kh8 29. Ra1 Rf6 30. Ra8 Rb8 31. Rfa1 Qd8 32. Rxb8 Qxb8 33. Ra8
Rf8 34. Rxb8 Rxb8 35. Qc6 Rb1+ 36. Kg2 h5 37. Qc7 Rb7 38. Qc6 Kh7 39. Qe8 Kh6
40. Qh8+ Kg6 41. h4 Rd7 42. Qe8+ Kh6 43. Qf7 Bf6 44. Qg8 Rd8 45. Qd5 Ne4 46. f3
Nc3 47. Qd2+ Kg6 48. Qxc3 Ra8 49. Qb3 e4 50. fxe4 fxe4 51. Qb1 Kf7 52. Qxe4
Ra2+ 53. Kh3 Ra3 54. Qd5+ Ke7 55. Qxh5 Rc3 56. Qe2+ Be5 57. Qe4 Rxg3+ 58. Kh2
Re3+ 59. Qxe5+ Rxe5 60. Kg3 Re4 61. h5 Rxc4 62. Kh3 Kf6 0-1

[Event "XII Open Primavera"]
[Site "Robecchetto con Induno ITA"]
[Date "2015.04.16"]
[Round "3"]
[White "Vada, Riccardo"]
[Black "Serrao, Piergiorgio"]
[WhiteElo "1797"]
[BlackElo "1682"]
[Result "1/2-1/2"]
[PlyCount "92"]
[EventDate "2015.04.02"]

1. e4 e6 2. d4 d5 3. e5 c5 4. c3 Nc6 5. Nf3 Qb6 6. a3 c4 7. Be2 Na5 8. Nbd2 Bd7
9. O-O Ne7 10. a4 Nc8 11. Ng5 h6 12. Nh3 Qc7 13. f4 Nb6 14. g4 g6 15. Qc2 O-O-O
16. Kh1 Be7 17. Bd1 Kb8 18. Qb1 Rdg8 19. Nf3 Nb3 20. Bxb3 cxb3 21. Nd2 Bxa4 22.
Qd3 Qc6 23. Qf3 Nc4 24. f5 gxf5 25. gxf5 Nxd2 26. Bxd2 Bb5 27. Rg1 Rxg1+ 28.
Rxg1 Bf8 29. f6 Qc4 30. Nf4 a5 31. Qh5 Qc7 32. h4 a4 33. Bc1 Bc4 34. Nxe6 fxe6
35. f7 Rh7 36. Rg8 Rxf7 37. Bxh6 Qe7 38. Qxf7 Qxf7 39. Rxf8+ Qxf8 40. Bxf8 Kc8
41. Kg2 Kd8 42. Kg3 Ke8 43. Bd6 Kf7 44. Kg4 Kg6 45. h5+ Kg7 46. Kg5 Bd3 1/2-1/2

[Event "XII Open Primavera"]
[Site "Robecchetto con Induno ITA"]
[Date "2015.04.16"]
[Round "3"]
[White "Zanin, Fabio"]
[Black "Pizzolato, Roberto"]
[WhiteElo "1656"]
[BlackElo "1749"]
[Result "0-1"]
[PlyCount "56"]
[EventDate "2015.04.02"]

1. e4 d6 2. d4 Nf6 3. Nc3 e5 4. dxe5 dxe5 5. Qxd8+ Kxd8 6. Nf3 Bd6 7. Bg5 Nbd7
8. O-O-O a6 9. Bc4 Ke8 10. a3 b5 11. Ba2 Bb7 12. Rhe1 h6 13. Bxf6 Nxf6 14. Nh4
Bc8 15. h3 g5 16. Nf3 Ke7 17. Nd5+ Nxd5 18. Bxd5 Rb8 19. h4 g4 20. Nd2 Bd7 21.
f4 exf4 22. e5 Bc5 23. Nf1 Bf2 24. Re2 Bxh4 25. Bxf7 Rbd8 26. e6 Bc6 27. Nd2
Bg5 28. Ne4 f3+ 0-1

[Event "XII Open Primavera"]
[Site "Robecchetto con Induno ITA"]
[Date "2015.04.23"]
[Round "4"]
[White "Barrera, Pietro"]
[Black "Rancati, David"]
[WhiteElo "1830"]
[BlackElo "1577"]
[Result "1-0"]
[PlyCount "83"]
[EventDate "2015.04.02"]

1. e4 Nc6 2. Nc3 e5 3. Nf3 Nf6 4. Bb5 d6 5. h3 Bd7 6. d3 a6 7. Bc4 h6 8. a3 Be6
9. Bxe6 fxe6 10. O-O Qd7 11. Re1 O-O-O 12. Be3 g5 13. Nh2 Nd4 14. Ne2 c5 15. c3
Nxe2+ 16. Qxe2 Bg7 17. b4 Qc6 18. a4 Nd7 19. b5 axb5 20. axb5 Qxb5 21. c4 Qc6
22. Reb1 Nb8 23. Bd2 Rhf8 24. Ba5 Rd7 25. Rb6 Rdf7 26. Rxc6+ Nxc6 27. Be1 Nd4
28. Qb2 b5 29. Ra8+ Kb7 30. Rxf8 Rxf8 31. cxb5 Ra8 32. Nf1 h5 33. Ne3 d5 34.
Bc3 Rd8 35. g3 dxe4 36. dxe4 Bh8 37. Kg2 Rc8 38. Nc4 Kb8 39. Ba5 Bf6 40. Nd6
Rf8 41. Qc3 Be7 42. Qxc5 1-0

[Event "XII Open Primavera"]
[Site "Robecchetto con Induno ITA"]
[Date "2015.04.23"]
[Round "4"]
[White "Bianchi, Alberto"]
[Black "Rutigliano, Cesare"]
[WhiteElo "1888"]
[BlackElo "1639"]
[Result "0-1"]
[PlyCount "138"]
[EventDate "2015.04.02"]

1. Nf3 Nf6 2. g3 g6 3. Bg2 Bg7 4. O-O O-O 5. d4 c5 6. d5 d6 7. c4 Bf5 8. Nh4
Bxb1 9. Rxb1 a6 10. b4 cxb4 11. Rxb4 b5 12. cxb5 axb5 13. a3 Qa5 14. Qd3 Na6
15. Rxb5 Qa4 16. Be3 Ng4 17. Rfb1 Nxe3 18. Qxe3 Bf6 19. Rb7 Nc5 20. R7b4 Qxa3
21. Qxa3 Rxa3 22. Nf3 Ra1 23. Rxa1 Bxa1 24. Rb1 Ra8 25. Bf1 Bf6 26. h4 h5 27.
Nd2 Ra2 28. Nc4 Na4 29. Rb8+ Kg7 30. e3 Nc3 31. Nb6 Nd1 32. Nd7 Nxf2 33. Rb3
Ne4 34. g4 hxg4 35. Rb4 Nd2 36. Be2 Nf3+ 37. Bxf3 gxf3 38. Rf4 f2+ 39. Kg2 Bc3
40. Rxf2 Rxf2+ 41. Kxf2 Kh6 42. e4 Kh5 43. Kg3 Be1+ 44. Kh3 Bxh4 45. e5 g5 46.
exd6 g4+ 47. Kg2 exd6 48. Nb6 Be7 49. Nc4 Kg5 50. Kg3 f5 51. Nd2 f4+ 52. Kf2
Kf5 53. Ke2 Ke5 54. Kd3 Kxd5 55. Ne4 Ke5 56. Nf2 Kf5 57. Ke2 d5 58. Nd3 f3+ 59.
Ke3 Bg5+ 60. Kf2 d4 61. Nc5 Bh4+ 62. Kf1 Kf4 63. Nd3+ Ke3 64. Ne5 g3 65. Nc4+
Kf4 66. Nb2 g2+ 67. Kg1 Ke3 68. Nc4+ Ke2 69. Kh2 Bf2 0-1

[Event "XII Open Primavera"]
[Site "Robecchetto con Induno ITA"]
[Date "2015.04.20"]
[Round "4"]
[White "Cecchini, Massimo S."]
[Black "Koureas, Panicos"]
[WhiteElo "1757"]
[BlackElo "1470"]
[Result "1-0"]
[PlyCount "73"]
[EventDate "2015.04.02"]

1. d4 Nf6 2. Nf3 d6 3. c4 Nbd7 4. Nc3 e5 5. Bg5 Be7 6. e4 c6 7. Be2 Ng8 8. Be3
Ndf6 9. dxe5 Ng4 10. Bc1 Nxe5 11. O-O Bg4 12. b3 Bxf3 13. Bxf3 Bg5 14. Bb2 Qf6
15. Be2 Qh6 16. Bf3 Rd8 17. Qe2 Ne7 18. Rad1 Qf6 19. Bg4 N7g6 20. g3 O-O 21.
Na4 b5 22. cxb5 cxb5 23. Nc3 Nxg4 24. Qxg4 h5 25. Qe2 Qe6 26. Nxb5 Rd7 27. Nd4
Qe8 28. Nf5 d5 29. Nxg7 Qxe4 30. Qxe4 dxe4 31. Rxd7 e3 32. fxe3 Bxe3+ 33. Kg2
Bh6 34. Nxh5 f5 35. Rfd1 Bg5 36. Rg7+ Kh8 37. Rxg6+ 1-0

[Event "XII Open Primavera"]
[Site "Robecchetto con Induno ITA"]
[Date "2015.04.23"]
[Round "4"]
[White "Fadali, Mustafa"]
[Black "Ragoso, Mario"]
[WhiteElo "1866"]
[BlackElo "1628"]
[Result "0-1"]
[PlyCount "64"]
[EventDate "2015.04.02"]

1. e4 e5 2. Nf3 Nc6 3. Bc4 Nf6 4. d4 exd4 5. e5 Ne4 6. O-O Be7 7. Bd5 Nc5 8.
Nxd4 Nxe5 9. Re1 d6 10. f4 Ng4 11. f5 Nf6 12. Nc3 O-O 13. Bf3 Ncd7 14. Bf4 Ne5
15. g4 Nxf3+ 16. Qxf3 c6 17. Re2 d5 18. g5 Ne4 19. f6 Bc5 20. Be3 g6 21. h4 Re8
22. Rd1 Qd6 23. Rg2 Nxc3 24. bxc3 Qe5 25. Bf2 Bxd4 26. cxd4 Qf5 27. Qb3 Re4 28.
Rd3 b6 29. Re3 Bd7 30. Qa3 a5 31. Qd6 Qf4 32. Rxe4 Qxd6 0-1

[Event "XII Open Primavera"]
[Site "Robecchetto con Induno ITA"]
[Date "2015.04.23"]
[Round "4"]
[White "Frignani, Alessandro"]
[Black "Zanin, Fabio"]
[WhiteElo "1394"]
[BlackElo "1656"]
[Result "0-1"]
[PlyCount "78"]
[EventDate "2015.04.02"]

1. e4 e5 2. Bc4 Nf6 3. Qf3 Bc5 4. Nc3 O-O 5. h3 Nc6 6. Nge2 b6 7. a3 Bb7 8. Nd5
Re8 9. d3 Nxd5 10. Bxd5 Qe7 11. h4 Rf8 12. Bg5 Qe8 13. c3 Rb8 14. Qg3 Kh8 15.
h5 h6 16. Bd2 f5 17. O-O-O fxe4 18. Bxe4 Bxf2 19. Qg4 Qf7 20. Kb1 d5 21. Bg6
Qe7 22. Rdf1 e4 23. dxe4 Ne5 24. Qh3 dxe4 25. Rh2 Bc8 26. g4 Bxg4 27. Qg2 e3
28. Bxe3 Bxe3 29. Nd4 Rxf1+ 30. Qxf1 Rf8 31. Qg2 Qd6 32. Qe4 Bxd4 33. Qxd4 Qxd4
34. cxd4 Nxg6 35. hxg6 Bf5+ 36. Kc1 Bxg6 37. Kd2 Rd8 38. Ke3 Kg8 39. Kf4 Rxd4+
0-1

[Event "XII Open Primavera"]
[Site "Robecchetto con Induno ITA"]
[Date "2015.04.23"]
[Round "4"]
[White "Garcia Rubi, Juan"]
[Black "Vada, Riccardo"]
[WhiteElo "1422"]
[BlackElo "1797"]
[Result "0-1"]
[PlyCount "70"]
[EventDate "2015.04.02"]

1. d4 d5 2. e3 Nf6 3. c4 e6 4. Nf3 Be7 5. Bd3 O-O 6. O-O b6 7. Qc2 Bb7 8. Nbd2
Nbd7 9. Ne5 c5 10. Ndf3 cxd4 11. Nxd7 Qxd7 12. Ne5 Qc7 13. exd4 dxc4 14. Qxc4
Qxc4 15. Bxc4 Rfd8 16. Be3 Nd5 17. Rad1 a6 18. a3 Rac8 19. Bb3 b5 20. Rd2 Rc7
21. Rc2 Rxc2 22. Bxc2 g6 23. Rd1 a5 24. Nd3 Rc8 25. Rd2 b4 26. a4 Ba6 27. Nc1
b3 28. Nxb3 Bb4 29. Nc5 Bxd2 30. Nxa6 Nxe3 31. Nc5 Nxc2 32. Nb3 Nxd4 33. Nxd2
Rc1+ 34. Nf1 Ne2+ 35. Kh1 Rxf1# 0-1

[Event "XII Open Primavera"]
[Site "Robecchetto con Induno ITA"]
[Date "2015.04.23"]
[Round "4"]
[White "Giusti, Francesco"]
[Black "Puricelli, Roberto"]
[WhiteElo "1574"]
[BlackElo "1521"]
[Result "0-1"]
[PlyCount "50"]
[EventDate "2015.04.02"]

1. e4 e6 2. d4 d5 3. e5 c5 4. c3 Nc6 5. Bb5 Bd7 6. Bxc6 Bxc6 7. Nf3 Bb5 8. Na3
Qd7 9. Be3 cxd4 10. Nxd4 Bxa3 11. bxa3 Bc4 12. Ne2 Qb5 13. Nd4 Qa6 14. a4 Ne7
15. f4 Rc8 16. Qc2 Bd3 17. Qd2 O-O 18. a5 Nc6 19. Nxc6 Rxc6 20. Bxa7 Qxa7 21.
Qxd3 Qxa5 22. O-O Rxc3 23. Qd2 Rfc8 24. Rac1 Qc5+ 25. Kh1 Rxc1 0-1

[Event "XII Open Primavera"]
[Site "Robecchetto con Induno ITA"]
[Date "2015.04.23"]
[Round "4"]
[White "Macchiettini, Pierangelo"]
[Black "Cunati, Valerio"]
[WhiteElo "1674"]
[BlackElo "1699"]
[Result "1-0"]
[PlyCount "71"]
[EventDate "2015.04.02"]

1. d4 Nf6 2. c4 e6 3. Nf3 Nc6 4. Nc3 b6 5. e3 Bb7 6. Be2 Bb4 7. Qc2 O-O 8. Bd2
d5 9. a3 Bxc3 10. Bxc3 dxc4 11. Bxc4 Ne7 12. Be2 Be4 13. Bd3 Bxf3 14. gxf3 Ned5
15. Bd2 Ne7 16. Rc1 c6 17. Bb4 Rc8 18. Bc3 c5 19. Qb1 Ned5 20. dxc5 Rxc5 21.
Bd2 Rxc1+ 22. Bxc1 Qc7 23. Bd2 Rc8 24. e4 Nf4 25. Bf1 Rd8 26. Bc3 Qd6 27. e5
Qc6 28. exf6 Qxf3 29. Rg1 g6 30. Qc2 Rd5 31. Bd4 h5 32. Be3 Re5 33. Be2 Ng2+
34. Kd1 Rd5+ 35. Kc1 Nxe3 36. Rxg6+ 1-0

[Event "XII Open Primavera"]
[Site "Robecchetto con Induno ITA"]
[Date "2015.04.23"]
[Round "4"]
[White "Mereghetti, Marco"]
[Black "Sartorio, Alessandro"]
[WhiteElo "1762"]
[BlackElo "1361"]
[Result "1-0"]
[PlyCount "87"]
[EventDate "2015.04.02"]

1. e4 e5 2. Nf3 Nf6 3. Nxe5 d6 4. Nf3 Nxe4 5. d4 Be7 6. Bd3 Nf6 7. O-O O-O 8.
c3 Re8 9. Nbd2 Bg4 10. Qc2 d5 11. Ne5 Bd6 12. Nxg4 Nxg4 13. Bxh7+ Kh8 14. Nf3
Re6 15. Bf5 Nxh2 16. Nxh2 Bxh2+ 17. Kxh2 Rc6 18. Qd3 Qh4+ 19. Qh3 Qxh3+ 20.
gxh3 Rf6 21. Bg4 Nc6 22. Be3 Ne7 23. Bg5 Rg6 24. Bxe7 Re8 25. Rae1 Rh6 26. Bg5
Rxe1 27. Rxe1 Rb6 28. Re2 g6 29. Bf4 f5 30. Bf3 c6 31. Bc1 Kg7 32. Kg3 Kf6 33.
Kh4 a5 34. Bg5+ Kf7 35. Re7+ Kf8 36. b3 Ra6 37. Rxb7 Ra8 38. Bh6+ Kg8 39. Kg5
Re8 40. Kxg6 Re6+ 41. Kg5 Re1 42. Kxf5 Rf1 43. Kg6 Rg1+ 44. Bg4 1-0

[Event "XII Open Primavera"]
[Site "Robecchetto con Induno ITA"]
[Date "2015.04.23"]
[Round "4"]
[White "Novi', Giuseppe"]
[Black "Pappalardo, Antonio"]
[WhiteElo "1872"]
[BlackElo "1659"]
[Result "1-0"]
[PlyCount "131"]
[EventDate "2015.04.02"]

1. e4 c5 2. Nf3 g6 3. Bc4 Bg7 4. O-O Nc6 5. c3 Qb6 6. Re1 d6 7. Na3 Nf6 8. h3
O-O 9. d4 cxd4 10. cxd4 e6 11. Nc2 d5 12. exd5 exd5 13. Bd3 Nb4 14. Nxb4 Qxb4
15. a3 Qb6 16. b4 Bd7 17. Be3 Rac8 18. Qb3 a6 19. Rac1 Rxc1 20. Rxc1 Rc8 21.
Rc5 Bf8 22. Rxc8 Bxc8 23. Qc3 Qc6 24. Qd2 Ne4 25. Bxe4 dxe4 26. d5 Qa4 27. Ng5
Qxa3 28. d6 Qd3 29. Qa2 Be6 30. Nxe6 Bxd6 31. Nf4 Qd1+ 32. Kh2 g5 33. g3 gxf4
34. gxf4 Qd3 35. Qb2 Qd5 36. Qf6 Qe6 37. Qd8+ Kg7 38. Qg5+ Qg6 39. Qd5 b6 40.
Kh1 Qh6 41. Kg2 Qg6+ 42. Kf1 Qe6 43. Qg5+ Kf8 44. Qd8+ Kg7 45. Kg2 Be7 46. Qd4+
f6 47. Bd2 Kg6 48. Qe3 f5 49. Qg3+ Kf7 50. Qc3 b5 51. Qh8 Qh6 52. Kh2 Qg7 53.
Qc8 Qg6 54. Qd7 Qe6 55. Qd4 Qd6 56. Qc3 Ke6 57. Qb3+ Qd5 58. Qc3 Kf7 59. Be3 a5
60. bxa5 b4 61. Qb2 Bf6 62. Qxb4 Be7 63. Qa4 Bd8 64. a6 Ba5 65. a7 Kg6 66. Qe8+
1-0

[Event "XII Open Primavera"]
[Site "Robecchetto con Induno ITA"]
[Date "2015.04.23"]
[Round "4"]
[White "Ongaro, Andrea"]
[Black "Fortes Serra, Jordi"]
[WhiteElo "1708"]
[BlackElo "1478"]
[Result "1-0"]
[PlyCount "35"]
[EventDate "2015.04.02"]

1. e4 c5 2. Nf3 Nc6 3. Nc3 d6 4. d4 cxd4 5. Nxd4 g6 6. Be3 Bg7 7. Bc4 Nf6 8. f3
a6 9. Bb3 Bd7 10. Qd2 Na5 11. Bh6 O-O 12. Bxg7 Kxg7 13. O-O-O Nc6 14. h4 h5 15.
g4 hxg4 16. h5 Ne5 17. hxg6 fxg6 18. Qh6# 1-0

[Event "XII Open Primavera"]
[Site "Robecchetto con Induno ITA"]
[Date "2015.04.23"]
[Round "4"]
[White "Pizzolato, Roberto"]
[Black "Libutti, Michele"]
[WhiteElo "1749"]
[BlackElo "1747"]
[Result "1/2-1/2"]
[PlyCount "52"]
[EventDate "2015.04.02"]

1. e4 c6 2. d4 d5 3. exd5 cxd5 4. c4 Nf6 5. Nc3 e6 6. Bg5 Be7 7. Nf3 O-O 8. c5
Ne4 9. Bxe7 Nxc3 10. Qc2 Qxe7 11. Qxc3 Nc6 12. Bb5 e5 13. O-O e4 14. Bxc6 bxc6
15. Ne5 Qc7 16. f3 f6 17. Ng4 Bxg4 18. fxg4 a5 19. b3 Rab8 20. a3 Rb5 21. b4
axb4 22. axb4 Rfb8 23. Rfb1 Qf4 24. Ra6 Qc7 25. h3 Qb7 26. Ra4 Qc7 1/2-1/2